Konkurenčná stratégia vybraného podniku bakalárska práca

Gespeichert in:
Bibliographische Detailangaben
1. Verfasser: Belanec, Patrik
Körperschaft: Fakulta podnikového manažmentu EU. Katedra podnikovohospodárska
Weitere Verfasser: Hrušovská, Dana, 1964-
Format: Buch
Sprache:Slowakisch
Veröffentlicht: Bratislava 2020
Tags: Tag hinzufügen
Keine Tags, Fügen Sie das erste Tag hinzu!

MARC

LEADER 00000nbm a2200000 4500
001 0265929
005 20201126125715.3
041 0 |a slo 
044 |a SK 
245 1 0 |a Konkurenčná stratégia vybraného podniku  |b bakalárska práca  |c Patrik Belanec ; školiteľ: Dana Hrušovská 
264 1 |a Bratislava  |c 2020 
300 |a 55 s. 
100 1 |a Belanec, Patrik 
700 1 |a Hrušovská, Dana, 1964- 
710 2 |a Fakulta podnikového manažmentu EU. Katedra podnikovohospodárska